Ft. Lauderdale-Hollywood Int. Destinations (Ft. Lauderdale, FL, USA) - Statistics

General Stats
  • This quiz has been taken 76 times
    44 since last reset
  • The average score is 102 of 138
Answer Stats
Airline Destination % Correct
Delta Air Lines/Frontier Airlines/Spirit Airlines Atlanta
97%
Delta Air Lines/JetBlue/Spirit Airlines Boston
97%
American Airlines/Spirit Airlines Charlotte
97%
Allegiant Air Charlotte/Concord
97%
American Airlines/Spirit Airlines Dallas/Fort Worth
97%
Southwest Airlines Dallas (Love)
97%
Southwest Airlines/United Airlines Denver
97%
Southwest Airlines Houston (Hobby)
97%
Spirit Airlines/United Airlines Houston (Intercontinental)
97%
Allegiant Air/Southwest Airlines/Spirit Airlines Indianapolis
97%
Southwest Airlines Chicago (Midway)
94%
American Airlines/Spirit Airlines/United Airlines Chicago (O'Hare)
94%
Allegiant Air/Delta Air Lines/Frontier Airlines Cincinnati
94%
Frontier Airlines/Spirit Airlines/United Airlines Cleveland
94%
Delta Air Lines/Spirit Airlines Detroit
94%
Spirit Airlines Latrobe/Pittsburgh
94%
Alaska Airlines/Delta Air Lines/JetBlue Los Angeles
94%
Delta Air Lines/Spirit Airlines/Sun Country Airlines Minneapolis/St. Paul
94%
Air Canada/Air Canada Rogue/Air Transat/Flair Airlines/Porter Airlines Montréal (Trudeau)
94%
Bahamasair/JetBlue/Western Air Nassau
94%
Southwest Airlines/Spirit Airlines Orlando
94%
Copa Airlines Panama City (Tocumen)
94%
American Airlines/Frontier Airlines/JetBlue/Spirit Airlines Philadelphia
94%
Southwest Airlines/Spirit Airlines Pittsburgh
94%
Southwest Airlines/Spirit Airlines San Antonio
94%
Alaska Airlines/JetBlue/United Airlines San Francisco
94%
Alaska Airlines/Delta Air Lines Seattle/Tacoma
94%
Air Canada/Air Canada Rogue/Air Transat/Flair Airlines/Porter Airlines/WestJet Toronto (Pearson)
94%
Southwest Airlines/Spirit Airlines Austin
90%
Southwest Airlines/Spirit Airlines Baltimore
90%
JetBlue/Spirit Airlines Cancún
90%
JetBlue/Spirit Airlines Charleston (SC)
90%
Southwest Airlines/Spirit Airlines Columbus (Glenn)
90%
Allegiant Air Columbus (Rickenbacker)
90%
Allegiant Air/Spirit Airlines Memphis
90%
Allegiant Air/Southwest Airlines/Spirit Airlines Nashville
90%
JetBlue/Spirit Airlines/United Airlines Newark
90%
Southwest Airlines/Spirit Airlines New Orleans
90%
Delta Air Lines/JetBlue New York (JFK)
90%
American Airlines/Delta Air Lines/JetBlue/Spirit Airlines New York (LaGuardia)
90%
JetBlue/Southwest Airlines/Spirit Airlines Phoenix (Sky Harbor)
90%
Alaska Airlines Portland (OR)
90%
Delta Air Lines Salt Lake City
90%
United Airlines Washington (Dulles)
90%
American Airlines/JetBlue/Southwest Airlines Washington (National)
90%
BermudAir Bermuda
87%
JetBlue/Southwest Airlines Buffalo
87%
WestJet Calgary
87%
Caribbean Airlines/JetBlue/Spirit Airlines Kingston (Norman Manley)
87%
JetBlue/Southwest Airlines/Spirit Airlines Las Vegas
87%
Delta Air Lines/Delta Connection/JetBlue/Southwest Airlines/Spirit Airlines Raleigh/Durham
87%
Alaska Airlines San Diego
87%
JetBlue/Southwest Airlines Albany
84%
Avianca/Spirit Airlines Bogotá
84%
Southwest Airlines/Spirit Airlines Kansas City
84%
Allegiant Air/Southwest Airlines/Spirit Airlines Louisville
84%
Southwest Airlines/Spirit Airlines Milwaukee
84%
Caribbean Airlines/JetBlue/Southwest Airlines/Spirit Airlines Montego Bay
84%
JetBlue/Spirit Airlines San José (CR)
84%
Southwest Airlines/Spirit Airlines Tampa
84%
WestJet Vancouver
84%
Allegiant Air Belleville/St. Louis
81%
Allegiant Air/Spirit Airlines Columbia (SC)
81%
Allegiant Air Grand Rapids
81%
Allegiant Air Harrisburg
81%
JetBlue/Southwest Airlines/Spirit Airlines Hartford
81%
Air Canada Rogue/Flair Airlines/Porter Airlines Ottawa
81%
JetBlue/Southwest Airlines Providence
81%
JetBlue/Spirit Airlines Richmond
81%
Avianca El Salvador San Salvador
81%
Southwest Airlines/Spirit Airlines St. Louis
81%
Allegiant Air Syracuse
81%
Air Transat Halifax
77%
Allegiant Air Lexington
77%
JetBlue/Spirit Airlines Punta Cana
77%
Southwest Airlines Rochester (NY)
77%
Frontier Airlines/JetBlue/Southwest Airlines/Spirit Airlines San Juan
77%
Allegiant Air/Spirit Airlines Savannah
77%
Allegiant Air/Breeze Airways Akron/Canton
74%
Allegiant Air Allentown
74%
Allegiant Air Des Moines
74%
Allegiant Air Knoxville
74%
Southwest Airlines Omaha
74%
JetBlue/Spirit Airlines Santo Domingo (Las Americas)
74%
Allegiant Air Asheville
71%
Spirit Airlines Birmingham (AL)
71%
Frontier Airlines/JetBlue Long Island/Islip
71%
Aivanca/JetBlue/Spirit Airlines Medellín (JMC)
71%
Allegiant Air/Spirit Airlines Norfolk
71%
Spirit Airlines Santiago de los Caballeros
71%
Spirit Airlines Aruba
68%
Allegiant Air Greenville/Spartanburg
68%
Spirit Airlines Myrtle Beach
68%
Spirit Airlines Pensacola
68%
Air Canada Rouge/Air Transat Québec City
68%
Avelo Airlines Wilmington (DE)
68%
Avelo Airlines/Breeze Airways Wilmington (NC)
68%
Spirit Airlines Cali
65%
Spirit Airlines Chattanooga
65%
WestJet Winnipeg
65%
Spirit Airlines Atlantic City
61%
JetBlue/Spirit Airlines Guatemala City
61%
JetBlue Manchester (NH)
61%
Avelo Airlines New Haven
61%
Allegiant Air Bangor
58%
Azul Brazilian Airlines Belo Horizonte (Confins)
58%
BahamasAir George Town
58%
Avianca El Salvador Managua
58%
JetBlue Worcester
58%
Spirit Airlines Barranquilla
55%
Azul Brazilian Airlines Belém
55%
Spirit Airlines Cartagena
55%
Allegiant Air Fayetteville/Bentonville
55%
Spirit Airlines Lima
55%
JetBlue/Spirit Airlines Port-au-Prince
55%
JetBlue White Plains
55%
Caribbean Airlines Port of Spain
52%
Allegiant Air South Bend
52%
Spirit Airlines St. Thomas
52%
Spirit Airlines Tegucigalpa/Comayagua
52%
Bahamasair/Western Air Freeport
48%
Allegiant Air Cedar Rapids/Iowa City
45%
Spirit Airlines St. Maarten
45%
JetBlue Aguadilla
42%
JetBlue/Spirit Airlines Guayaquil
42%
Spirit Airlines San Pedro Sula
42%
Allegiant Air Sioux Falls
42%
Spirit Airlines St. Croix
42%
Azul Brazilian Airlines Campinas
39%
Allegiant Air Traverse City
35%
Allegiant Air Newburgh
32%
Allegiant Air Peoria
32%
Allegiant Air Plattsburgh
32%
Spirit Airlines Armenia (Columbia)
26%
Spirit Airlines Bucaramanga
23%
Allegiant Air Huntington
23%
JetBlue Hayden/Steamboat Springs
19%
Spirit Airlines Cap-Haïtien
10%
No matching quizzes found
Score Distribution
Percent of People with Each Score
Percentile by Number Answered
Your Score History
You have not taken this quiz since the last reset